000
00284nam a22001097a 4500
008
170116b xxu||||| |||| 00| 0 eng d
020
_a
9781930624474
041
_a
eng
080
_a
618.2
245
_a
BECOMING A SUCCESSFUL CLINICAL RESEARCH INVESTIGATOR
_c
GINSBERG, D
942
_2
udc
_c
BK
999
_c
2932
_d
2932